000 00752nam a2200241Ia 4500
003 OSt
005 20220923225306.0
006 a|||||r|||| 00| 0
007 ta
008 220922b |||||||| |||| 00| 0 hin d
024 _a262,168
037 _cTextual
040 _aARTS
_cARTS
_bhin
041 _2hin
_ahin
082 _a/\2y7M72, 152L2.3
100 _aअरविंद
245 0 _aदिव्य जीवन
246 _aDivya jīvana
260 _aपांडिचेरी
_b अरविंद सोसायटी
_c1972
650 _aआध्यात्मिक अनुभव और रहस्यवाद
942 _h/\2y7M72, 152L2.3
_cTEXL
_2CC
999 _c377293
_d377293